000 00593nam a22001937a 4500
005 20251108172837.0
008 250721s2002 xx 000 0 ara d
082 1 4 _a344.02/غيث
100 1 _aغيث، عزت
245 1 0 _aقانون الضمان الاجتماعي /
264 1 _aعمان :
_bدار قنديل للنشر،
_c2002.
300 _a98ص
490 0 _aسلسلة التشريعات القضائية
_v16
650 1 7 _aالضمان الاجتماعي
650 1 7 _aالقانون
650 1 7 _aالتشريعات القضائية
942 _2ddc
_cBK
999 _c89854
_d89854